Loading...
The god of small things /
In 1969 in Kerala, India, Rahel and her twin brother, Estha, struggle to forge a childhood for themselves amid the destruction of their family life, as they discover that the entire world can be transformed in a single moment.
| Hovedforfatter: | |
|---|---|
| Format: | Printed Book |
| Sprog: | English |
| Udgivet: |
New Delhi, India :
IndiaInk,
1997.
|
| Fag: |
| LEADER | 01195cam a2200253 a 4500 | ||
|---|---|---|---|
| 008 | 970515s1997 ii 000 1 eng | ||
| 010 | |a 97902605 | ||
| 020 | |a 8186939008 | ||
| 025 | |a I-E-97-902605; 27 | ||
| 042 | |a lcode | ||
| 082 | |2 23 |a 823.914 | ||
| 100 | 1 | |a Roy, Arundhati. | |
| 245 | 1 | 4 | |a The god of small things / |c Arundhati Roy. |h English |
| 260 | |a New Delhi, India : |b IndiaInk, |c 1997. | ||
| 300 | |a 339 p. ; |c 22 cm. | ||
| 500 | |a Novel. | ||
| 520 | |a In 1969 in Kerala, India, Rahel and her twin brother, Estha, struggle to forge a childhood for themselves amid the destruction of their family life, as they discover that the entire world can be transformed in a single moment. | ||
| 650 | |v Twins -- Fiction. |x Social classes -- Fiction. |z India -- Fiction. | ||
| 651 | 0 | |a India |x Fiction. | |
| 906 | |a 7 |b cbc |c origode |d 3 |e ncip |f 19 |g y-gencatlg | ||
| 942 | |c BK | ||
| 955 | |a wd03;04/24/97; compare with 96-39190; send item to BKnarr after shelflisting;;yj12 10-10-97 | ||
| 999 | |c 353994 |d 353994 | ||
| 952 | |0 0 |1 0 |2 ddc |4 0 |6 823_914000000000000_ROY_G |7 0 |9 410095 |a SDE |b SDE |c ST1 |d 2020-12-10 |g 395.00 |i 959 |l 2 |o 823.914 ROY/G |p SDE959 |q 2021-10-14 |r 2021-09-14 |s 2021-09-14 |w 2020-12-10 |y BK | ||